000 01112nam0a22002891 4500
001 RU\NLR\INFOCOMM_223\5000043003
005 20250613093255.0
035 _a(NLR Aleph) 009197975
090 _a8671579
_c8671579
100 _a20100519d1968 |||y0rusy50 ca
101 0 _aeng
102 _aRU
105 _aa ||||000|y
200 1 _aˆThe ‰Pomeranchuk trajectory and the universality of trajectories
_fBy V. L. Chernyak
210 _aNovosibirsk
_d1968
215 _a12 с.
_cдиагр.
_d20 см
225 1 _aPreprint
_fUSSR Acad. of sciences. Siberian division. Inst. for mathematics
_vТФ-44
300 _aНа последней с. авт. и загл. на рус. яз.: В. Л. Черняк. Траектория Померанчука и универсальность траекторий
320 _aБиблиогр.: с. 9
686 _aФз-125[В319, 0]
_2rubbk
700 1 _9z01790
_aČernjak
_bV. L.
_gViktor L'vovič
_4070
790 1 _9z01700
_aChernyak
_bV. L.
_4070
801 1 _aRU
_bNLR
_c20100519
801 0 _aRU
_bNLR
_gPSBO
852 _aNLR
_jФз01 Д-4/37
942 _cBOOK
980 _aNB